000 01030nam0a22002651 4500
001 rc\564111
005 20250621132913.0
010 _a5-08-000802-4
_9100000
035 _a(NLR Aleph) 005799025
090 _a5276914
_c5276914
100 _a20030616d1988 |||y0rusy50 ca
101 0 _arus
102 _aRU
105 _aa |||||||||
200 1 _aПоследние олени Анд
_eПовесть-легенда
_e[Для сред. возраста]
_fХосе Мурильо, Ана Мария Рамб
_gПер. с исп. И. Тыняновой
_g[Худож. В. Кафанов, А. Шелманов]
210 _aМ.
_cДет. лит.
_d1988
215 _a185, [5] с.
_cил.
_d21
300 _aПеревод изд.: Renanco y los ultimos huemules / Jose Murillo, Ana Maria Ramb (Pespir Buenos-Aires, 1984)
700 1 _aМурильо
_bХ.
_gХосе
701 1 _aРамб
_bА.М.
_gАна Мариа
801 0 _aRU
_bNLR
_gpsbo
801 1 _aRU
_bELAR
_2rusmarc
852 _aNLR
_j88-3/9535
942 _cBOOK
980 _aNB